Obras completas / (Record no. 149434)
[ view plain ]
| 000 -LEADER | |
|---|---|
| campo de control de longitud fija | 01548nam a2200193 i 4500 |
| 001 - NÚMERO DE CONTROL | |
| campo de control | 149434 |
| 003 - IDENTIFICADOR DE NÚMERO DE CONTROL | |
| campo de control | ES-MaACL |
| 005 - FECHA Y HORA DE LA ÚLTIMA TRANSACCIÓN | |
| campo de control | 20231227145138.0 |
| 007 - CAMPO FIJO DE DESCRIPCIÓN FÍSICA--INFORMACIÓN GENERAL | |
| campo de control de longitud fija | t| |
| 008 - DATOS DE LONGITUD FIJA--INFORMACIÓN GENERAL | |
| campo de control de longitud fija | 071022m19321953sp ||||1| spa d |
| 100 1# - ENTRADA PRINCIPAL--NOMBRE DE PERSONA | |
| Nombre de persona | Vázquez de Mella y Fanjul, Juan, |
| Fechas asociadas al nombre | 1861-1928 |
| 9 (RLIN) | 113419 |
| 245 10 - MENCIÓN DEL TÍTULO | |
| Título | Obras completas / |
| Mención de responsabilidad, etc. | del Excmo. Sr. D. Juan Vázquez de Mella y Fanjul. |
| 250 ## - MENCION DE EDICION | |
| Mención de edición | 2ª ed. |
| 260 ## - PUBLICACIÓN, DISTRIBUCIÓN, ETC. | |
| Lugar de publicación, distribución, etc. | Barcelona, etc. : |
| Nombre del editor, distribuidor, etc. | Casa Subirana, |
| Fecha de publicación, distribución, etc. | 1932-1953. |
| 300 ## - DESCRIPCIÓN FÍSICA | |
| Extensión | 30 v. ; |
| Dimensiones | 22 cm. |
| 505 8# - NOTA DE CONTENIDO CON FORMATO | |
| Nota de contenido con formato | Contiene: v. I: Selección de elocuencia e historia.- v. II: Ideario.- v. III: Ideario.- v. IV: Ideario.- v. V: La persecución religiosa y la Iglesia independiente del Estado.- v. VI: Discursos parlamentarios.- v. VII: Discursos parlamentarios.- v. VIII: Discursos parlamentarios.- v. IX: Discursos parlamentarios.- v. X: Discursos parlamentarios.- v. XI: Discursos parlamentarios.- v.XII: Dogmas nacionales.- v. XIII: Política general.- v. XIV: Política general.- v. XV: Política tradicionalista.- v. XVI: Política tradicionalista.- v. XVII: Crítica. - v. XVIII: Crítica.- v. XIX: Filosofía, teología apologética.- v. XX: Filosofía, teología apologética.- v. XXI: Filosofía, teología apologética.- v. XXII: Filosofía, teología apologética.- v. XXIII: Temas internacionales.- v. XXIV: Temas sociales.- v. XXV: Temas sociales.- v. XXVI: Regionalismo.- v. XXVII: Regionalismo.- v. XXVIII: El pensamiento de Mella.- v. XXIX: Florilegio.- v. XXX: Índices. |
| 852 ## - LOCALIZACIÓN | |
| Ubicación | ES-MaACL |
| Número de control de estantería | C-16131-60 |
| Sublocalización o colección | R.44099 |
| Estatus retirado | Estado de pérdida | Estado de daño | No para préstamo | Biblioteca de origen | Biblioteca actual | Ubicación en estantería | Fecha de adquisición | Fuente de adquisición | Total de préstamos | Signatura topográfica completa | Código de barras | Visto por última vez | Precio de reemplazo | Tipo de ítem Koha |
|---|---|---|---|---|---|---|---|---|---|---|---|---|---|---|
| Biblioteca del Ateneo de Madrid | Biblioteca del Ateneo de Madrid | Ficheros | 17/01/2008 | C-16131-60 | 1155938 | 23/02/2023 | 23/02/2023 | Libro impreso |
